| 000 | 00532nam a2200169 a 4500 | ||
|---|---|---|---|
| 005 | 20210219150041.0 | ||
| 008 | 991125s1927 mx 000 0 spa u | ||
| 035 | _aUPN01000006056 | ||
| 049 | _aCE | ||
| 050 | 4 |
_aF1219 _bD3.2 |
|
| 100 | 1 |
_aDávila Garibi, José Ignacio, _d1888-1981 |
|
| 245 | 1 | 0 |
_aBrevísimos apuntes acerca de los toltecas : _bcivilización y costumbres de los mismos / _cIgnacio Dávila Garibi. |
| 260 |
_aGuadalajara : _bTip. Dosal, _c1927. |
||
| 300 | _a81 p. | ||
| 650 | 4 |
_aTOLTECAS - _xHISTORIA |
|
| 905 | _aLibro | ||
| 999 |
_c6056 _d6056 |
||